000 00298nam a2200109Ia 4500
001 1261064
005 20260417140344.0
008 260417s9999 xx 000 0 und d
020 _a9786051858210
245 0 _aAşk İmiş Her Ne Var Alemde
_cAbdülhak Şinasi Hisar
260 _bEverest Yayınları
999 _c1261064
_d1261064